000 00317nam a22001337a 4500
008 181016b xxu||||| |||| 00| 0 eng d
020 _a2901429216226
041 _aeng
080 _26th
_a311
100 _a55
101 _aSTA
245 _aIntroduction to the practice of Statistics
_cMoore,D.S
942 _2udc
_cBK
999 _c49856
_d49856